[Event "Prague Summer op-B 4th"]
[Site "Prague"]
[Date "2017.08.11"]
[Round "9"]
[White "Fraczek, Weronika"]
[Black "Ragaa, Hassan"]
[Result "0-1"]
[WhiteElo "1768"]
[BlackElo "2019"]
[PlyCount "156"]
[EventDate "2017.08.04"]
[EventType "swiss"]
[EventRounds "9"]
[EventCountry "CZE"]
[SourceTitle "EXT 2019"]
[Source "ChessBase"]
[SourceDate "2018.10.10"]
[SourceVersion "1"]
[SourceVersionDate "2018.10.10"]
[SourceQuality "1"]

1. e4 d5 2. exd5 Nf6 3. d4 Bg4 4. Bb5+ Nbd7 5. f3 Bf5 6. Nc3 a6 7. Ba4 b5 8. Bb3 Nb6 9. Nge2 Nfxd5 10. Nxd5 Nxd5 11. 0-0 e6 12. Ng3 Bg6 13. f4 c6 14. f5 exf5 15. Nxf5 Bxf5 16. Rxf5 Qd7 17. Bxd5 cxd5 18. Qf3 Rd8 19. Bg5 f6 20. Rxf6 gxf6 21. Bxf6 Rg8 22. Re1+ Be7 23. Qh5+ Kf8 24. Qh6+ Kf7 25. Bxe7 Rxg2+ 26. Kh1 Qf5 27. Bxd8 Re2 28. Qxh7+ Qxh7 29. Rxe2 Qf5 30. Kg2 Qg4+ 31. Kf1 Qxd4 32. c3 Qd3 33. a3 Kg6 34. Ke1 d4 35. cxd4 Qxd4 36. Ba5 Qh4+ 37. Kd1 Qa4+ 38. Kc1 Qxa5 39. Kb1 Qa4 40. Rg2+ Kf5 41. Rg3 Qd1+ 42. Ka2 Qd5+ 43. Ka1 Qh1+ 44. Ka2 Qxh2 45. Rc3 Qf2 46. Rc8 Ke5 47. Re8+ Kd4 48. Rd8+ Kc4 49. Rc8+ Kd3 50. Re8 Kc4 51. Rc8+ Kd5 52. Rd8+ Kc6 53. Rc8+ Kb7 54. Rc1 a5 55. Kb1 b4 56. axb4 axb4 57. b3 Qd2 58. Rc2 Qd1+ 59. Kb2 Kb6 60. Rc1 Qd4+ 61. Kb1 Kb5 62. Rc2 Qa7 63. Rg2 Qh7+ 64. Rc2 Qh1+ 65. Rc1 Qf3 66. Kb2 Qa8 67. Rb1 Qa3+ 68. Kc2 Kc5 69. Rd1 Qa2+ 70. Kc1 Qxb3 71. Rd2 Qa3+ 72. Kb1 b3 73. Rd5+ Kc6 74. Rd2 Qb4 75. Re2 Kb5 76. Re5+ Ka4 77. Re8 Qb7 78. Rh8 Qe4+ 0-1

[Event "Prague Summer op-B 4th"]
[Site "Prague"]
[Date "2017.08.06"]
[Round "4"]
[White "Mielke, Torsten Mario"]
[Black "Ragaa, Hassan"]
[Result "1/2-1/2"]
[WhiteElo "1690"]
[BlackElo "2019"]
[PlyCount "27"]
[EventDate "2017.08.04"]
[EventType "swiss"]
[EventRounds "9"]
[EventCountry "CZE"]
[SourceTitle "EXT 2019"]
[Source "ChessBase"]
[SourceDate "2018.10.10"]
[SourceVersion "1"]
[SourceVersionDate "2018.10.10"]
[SourceQuality "1"]

1. e4 d5 2. exd5 Nf6 3. d4 Bg4 4. Be2 Bxe2 5. Nxe2 Qxd5 6. 0-0 e6 7. Nbc3 Qd7 8. Nf4 Bd6 9. d5 e5 10. Nh5 Nxh5 11. Qxh5 Na6 12. f4 g6 13. Qg5 Qe7 14. Qxe7+ 1/2-1/2

[Event "Prague Summer op-B 4th"]
[Site "Prague"]
[Date "2017.08.05"]
[Round "2"]
[White "Birkestrand, Odd"]
[Black "Ragaa, Hassan"]
[Result "1/2-1/2"]
[WhiteElo "1640"]
[BlackElo "2019"]
[PlyCount "107"]
[EventDate "2017.08.04"]
[EventType "swiss"]
[EventRounds "9"]
[EventCountry "CZE"]
[SourceTitle "EXT 2019"]
[Source "ChessBase"]
[SourceDate "2018.10.10"]
[SourceVersion "1"]
[SourceVersionDate "2018.10.10"]
[SourceQuality "1"]

1. e4 d5 2. exd5 Nf6 3. Nc3 Nxd5 4. Bc4 Nb6 5. Bb3 Bf5 6. Nge2 e6 7. 0-0 Nc6 8. d4 Bd6 9. Nb5 0-0 10. Nxd6 cxd6 11. Ng3 Bg6 12. a3 Na5 13. Ba2 Rc8 14. c3 d5 15. Qe2 Nac4 16. Bb1 Na4 17. Bxg6 hxg6 18. Qc2 Nab6 19. Re1 Qh4 20. Nf1 Nd6 21. Re3 Qxd4 22. Qe2 Qa4 23. Rh3 Ne4 24. Qg4 Nxc3 25. f4 Nd1 26. Qh4 f6 27. b4 Qc2 28. Bd2 Nc3 29. Qg4 Ne4 30. Qxe6+ Rf7 31. Rc1 Rc6 32. Qe8+ Rf8 33. Rh8+ Kxh8 34. Qxf8+ Kh7 35. Rxc2 Rxc2 36. Be3 Nc4 37. h4 Re2 38. Bc5 Re1 39. Qf7 Nxc5 40. bxc5 Rc1 41. Kf2 Rc2+ 42. Kf3 Rc3+ 43. Kg4 Nd2 44. h5 Nxf1 45. Qxg6+ Kh8 46. Qe8+ Kh7 47. Qe1 Ne3+ 48. Kh3 d4 49. Qb1+ f5 50. Qxb7 Nf1+ 51. Kh4 Rg3 52. Qd5 Rg4+ 53. Kh3 Rg3+ 54. Kh4 1/2-1/2

[Event "Pardubice Czech op-B 28th"]
[Site "Pardubice"]
[Date "2017.07.24"]
[Round "4"]
[White "Shevchenko, Danylo"]
[Black "Ragaa, Hassan"]
[Result "1-0"]
[WhiteElo "2150"]
[BlackElo "1982"]
[PlyCount "77"]
[EventDate "2017.07.21"]
[EventType "swiss"]
[EventRounds "9"]
[EventCountry "CZE"]
[SourceTitle "CBM 179 Extra"]
[Source "ChessBase"]
[SourceDate "2017.08.23"]
[SourceVersion "1"]
[SourceVersionDate "2017.08.23"]
[SourceQuality "1"]

1. e4 c5 2. c3 d5 3. exd5 Qxd5 4. d4 Nf6 5. Nf3 Bg4 6. Be2 e6 7. 0-0 Nc6 8. Be3 cxd4 9. cxd4 Be7 10. Nc3 Qd8 11. h3 Bh5 12. g4 Bg6 13. Ne5 Nxe5 14. dxe5 Nd7 15. f4 h6 16. f5 exf5 17. gxf5 Bh7 18. Qa4 Bg5 19. Bc5 Qc7 20. Ne4 a6 21. Rad1 0-0-0 22. Nd6+ Kb8 23. Ba7+ Ka8 24. Bf3 Nc5 25. Qa3 Rc8 26. Kh1 Kxa7 27. Nb5+ Kb8 28. Nxc7 Rxc7 29. Bd5 Rd8 30. Qg3 Kc8 31. h4 Be7 32. Qxg7 Rcd7 33. Qxh7 Rxd5 34. Rxd5 Rxd5 35. Qxh6 Bd8 36. Rc1 a5 37. e6 f6 38. Qf8 Kb8 39. e7 1-0

[Event "Prague Summer op-B 3rd"]
[Site "Prague"]
[Date "2016.08.11"]
[Round "8"]
[White "Ochirbat, Lkhagvajamts"]
[Black "Ragaa, Hassan"]
[Result "1-0"]
[WhiteElo "1680"]
[BlackElo "1972"]
[PlyCount "73"]
[EventDate "2016.08.05"]
[EventType "swiss"]
[EventRounds "9"]
[EventCountry "CZE"]
[SourceTitle "CBM 173 Extra"]
[Source "ChessBase"]
[SourceDate "2016.08.29"]
[SourceVersion "1"]
[SourceVersionDate "2016.08.29"]
[SourceQuality "1"]

1. d4 Nf6 2. Nf3 c5 3. g3 e6 4. c4 cxd4 5. Nxd4 Nc6 6. Bg2 Qb6 7. Nxc6 bxc6 8. 0-0 Be7 9. Qc2 d5 10. Be3 Bc5 11. Bxc5 Qxc5 12. Nd2 Ba6 13. Rac1 0-0 14. Qa4 Qb6 15. b3 Rab8 16. e4 Rfc8 17. Rfd1 Ng4 18. c5 Qb5 19. Qxb5 Bxb5 20. h3 Ne5 21. Nf3 Nd3 22. Rc3 dxe4 23. Nd4 f5 24. Nxe6 Re8 25. Nd4 Re5 26. f4 Rd5 27. Ne6 Nxf4 28. Rxd5 Nxd5 29. Rc1 Nb4 30. Rd1 Bd3 31. Nd4 Rd8 32. Nxf5 Nc2 33. Bxe4 g6 34. Rxd3 Rxd3 35. Bxd3 Nb4 36. Bc4+ Kf8 37. Nd4 1-0

[Event "Prague Summer op-B 3rd"]
[Site "Prague"]
[Date "2016.08.07"]
[Round "4"]
[White "Ragaa, Hassan"]
[Black "Sprenar, Petr"]
[Result "1-0"]
[WhiteElo "1972"]
[BlackElo "1841"]
[PlyCount "59"]
[EventDate "2016.08.05"]
[EventType "swiss"]
[EventRounds "9"]
[EventCountry "CZE"]
[SourceTitle "CBM 173 Extra"]
[Source "ChessBase"]
[SourceDate "2016.08.29"]
[SourceVersion "1"]
[SourceVersionDate "2016.08.29"]
[SourceQuality "1"]

1. d4 Nf6 2. c4 e6 3. Nc3 Bb4 4. Bg5 h6 5. Bh4 b6 6. e3 Bb7 7. Nf3 0-0 8. Bd3 d6 9. Qc2 Nbd7 10. 0-0 Bxc3 11. Qxc3 Qe7 12. Nd2 c5 13. f4 d5 14. Rae1 Qd6 15. Qa3 dxc4 16. Nxc4 Qc6 17. Rf3 cxd4 18. exd4 Qc7 19. Rf2 Ng4 20. Rff1 Qc6 21. Re2 Qd5 22. Qd6 Ba6 23. Qxd5 exd5 24. Ne5 Bxd3 25. Nxd3 Rfe8 26. Rfe1 Ngf6 27. Ne5 Re7 28. Rc2 Rae8 29. Rc7 Nxe5 30. Rxe7 1-0

[Event "Brno Duras op-A"]
[Site "Brno"]
[Date "2014.07.04"]
[Round "7"]
[White "Cermak, Jan"]
[Black "Ragaa, Hassan"]
[Result "0-1"]
[WhiteElo "1748"]
[BlackElo "2063"]
[PlyCount "122"]
[EventDate "2014.06.28"]
[EventType "swiss"]
[EventRounds "9"]
[EventCountry "CZE"]
[SourceTitle "CBM 161 Extra"]
[Source "ChessBase"]
[SourceDate "2014.08.29"]
[SourceVersion "1"]
[SourceVersionDate "2014.08.29"]
[SourceQuality "1"]

1. e4 c5 2. Nf3 d6 3. d4 cxd4 4. Nxd4 Nf6 5. Nc3 a6 6. Be2 e5 7. Nf3 Be7 8. Bg5 Be6 9. 0-0 Nbd7 10. Qd2 Rc8 11. Bxf6 Nxf6 12. Rfd1 Qb6 13. Rab1 0-0 14. Ne1 Qc6 15. Bf3 h6 16. Nd3 Qc4 17. Ne1 Rfd8 18. Qd3 Qc5 19. Qe2 Bc4 20. Nd3 Qa5 21. Qe3 Nh7 22. Qe1 Ng5 23. Nd5 Qxe1+ 24. Nxe1 Nxf3+ 25. gxf3 Bxd5 26. Rxd5 Rc4 27. c3 f5 28. exf5 Rf8 29. Ng2 Rxf5 30. f4 Re4 31. f3 Ra4 32. a3 g6 33. Re1 Bf8 34. fxe5 dxe5 35. Kf2 Bg7 36. Ne3 Rf7 37. Rd8+ Kh7 38. c4 Bf6 39. Rdd1 Bh4+ 40. Ke2 Bxe1 41. Rxe1 b5 42. c5 Rd4 43. b4 h5 44. Rd1 Rfd7 45. Rxd4 exd4 46. Ng2 d3+ 47. Kd2 a5 48. Nf4 axb4 49. axb4 Rd4 50. Nxd3 Rc4 51. Ke3 g5 52. Ne5 Rxb4 53. c6 Rb1 54. Kd4 Rc1 55. Kd5 Kg7 56. Nd3 Rd1 57. Kd4 Ra1 58. c7 Ra8 59. Kd5 Kf6 60. Ne5 Rc8 61. Nd7+ Kf5 0-1

[Event "Brno Duras op-A"]
[Site "Brno"]
[Date "2014.07.01"]
[Round "4"]
[White "Ragaa, Hassan"]
[Black "Danek, Daniel"]
[Result "0-1"]
[WhiteElo "2063"]
[BlackElo "1905"]
[PlyCount "60"]
[EventDate "2014.06.28"]
[EventType "swiss"]
[EventRounds "9"]
[EventCountry "CZE"]
[SourceTitle "CBM 161 Extra"]
[Source "ChessBase"]
[SourceDate "2014.08.29"]
[SourceVersion "1"]
[SourceVersionDate "2014.08.29"]
[SourceQuality "1"]

1. d4 Nf6 2. Nc3 g6 3. e4 d6 4. h4 h6 5. Bf4 Bg7 6. Qd2 c6 7. Bd3 Nh5 8. Be3 e5 9. dxe5 dxe5 10. 0-0-0 Be6 11. Na4 Nd7 12. Qb4 Qc7 13. Nc5 Nxc5 14. Bxc5 a5 15. Qa3 0-0-0 16. Ne2 Nf4 17. Nxf4 exf4 18. e5 Bxe5 19. Rhe1 Bf6 20. Bxg6 Rxd1+ 21. Kxd1 Bg4+ 22. f3 fxg6 23. fxg4 Rd8+ 24. Kc1 Bxh4 25. Re6 Bg5 26. Qf3 Qf7 27. Rd6 Rxd6 28. Bxd6 Qe6 29. Qd1 f3+ 30. Kb1 f2 0-1

[Event "Brno Duras op-A"]
[Site "Brno"]
[Date "2014.06.30"]
[Round "3"]
[White "Richterova, Natasa"]
[Black "Ragaa, Hassan"]
[Result "1-0"]
[WhiteElo "2100"]
[BlackElo "2063"]
[PlyCount "79"]
[EventDate "2014.06.28"]
[EventType "swiss"]
[EventRounds "9"]
[EventCountry "CZE"]
[SourceTitle "CBM 161 Extra"]
[Source "ChessBase"]
[SourceDate "2014.08.29"]
[SourceVersion "1"]
[SourceVersionDate "2014.08.29"]
[SourceQuality "1"]

1. e4 d5 2. exd5 Nf6 3. Bb5+ Nbd7 4. c4 a6 5. Bxd7+ Qxd7 6. d3 e6 7. dxe6 Qxe6+ 8. Qe2 Be7 9. Nc3 0-0 10. Qxe6 Bxe6 11. Bf4 Rfd8 12. Rd1 c5 13. Nf3 Bg4 14. 0-0 Bxf3 15. gxf3 Rd7 16. Rfe1 Rad8 17. Re2 Kf8 18. Red2 Nh5 19. Be3 f5 20. f4 g5 21. f3 gxf4 22. Bf2 Nf6 23. d4 cxd4 24. Rxd4 Ke8 25. Rxd7 Rxd7 26. Rxd7 Kxd7 27. Ne2 Bd6 28. Nd4 Bc5 29. b3 Ne8 30. Nxf5 Bxf2+ 31. Kxf2 Kc6 32. Ke2 Kc5 33. a3 b5 34. cxb5 axb5 35. Kd3 Nc7 36. Ke4 Nd5 37. b4+ Nxb4 38. axb4+ Kxb4 39. Kxf4 Kc3 40. Ke4 1-0

[Event "Prague Golden op 9th"]
[Site "Prague"]
[Date "2013.06.23"]
[Round "1"]
[White "Ragaa, Hassan"]
[Black "Meduna, Eduard"]
[Result "1-0"]
[WhiteElo "2077"]
[BlackElo "2397"]
[PlyCount "87"]
[EventDate "2013.06.23"]
[EventType "swiss"]
[EventRounds "9"]
[EventCountry "CZE"]
[SourceTitle "CBM 155 Extra"]
[Source "ChessBase"]
[SourceDate "2013.08.26"]
[SourceVersion "1"]
[SourceVersionDate "2013.08.26"]
[SourceQuality "1"]

1. d4 Nf6 2. Nc3 c5 3. d5 g6 4. e4 d6 5. Be2 Bg7 6. h4 h5 7. Bg5 Nbd7 8. Qd2 a6 9. a4 Ne5 10. Nh3 Qa5 11. Ra2 Bd7 12. f3 Bxh3 13. Rxh3 Nfd7 14. Nd1 Qc7 15. c4 Nf6 16. Nf2 0-0-0 17. b4 Kb8 18. bxc5 dxc5 19. Bf4 Nfd7 20. Bh2 f5 21. exf5 gxf5 22. Qg5 Bh6 23. Qxf5 Ka8 24. Kf1 Qb6 25. Qc2 Be3 26. Rb2 Qc7 27. f4 Bxf2 28. Kxf2 Ng4+ 29. Bxg4 hxg4 30. Rhb3 Rb8 31. Bg3 Qd6 32. f5 Qf6 33. Bxb8 Rxb8 34. g3 Qd4+ 35. Kg2 Ne5 36. Rc3 Rf8 37. Qb3 Qe4+ 38. Kh2 Rb8 39. Rf2 Qd4 40. Kg2 Qe4+ 41. Kh2 Qd4 42. Rcc2 Qe4 43. Rce2 Qd4 44. Qe3 1-0

[Event "Cairo Heliopolis op 2nd"]
[Site "Cairo"]
[Date "2010.06.05"]
[Round "5"]
[White "Salah, Sayed"]
[Black "Ragaa, Hassan"]
[Result "1-0"]
[WhiteElo "2216"]
[BlackElo "2086"]
[PlyCount "33"]
[EventDate "2010.05.30"]
[EventType "swiss"]
[EventRounds "9"]
[EventCountry "EGY"]
[SourceTitle "EXT 2011"]
[Source "ChessBase"]
[SourceDate "2010.11.26"]
[SourceVersion "1"]
[SourceVersionDate "2010.11.26"]
[SourceQuality "1"]

1. d4 Nf6 2. Nf3 c5 3. d5 b5 4. c4 Bb7 5. a4 bxc4 6. Nc3 Qa5 7. Bd2 Qb6 8. e4 e6 9. Bxc4 Nxe4 10. a5 Qc7 11. a6 Nxd2 12. Qxd2 Bc8 13. Nb5 Qb6 14. d6 Nxa6 15. Ne5 Rb8 16. Rxa6 Bxa6 17. Nc7+ 1-0

[Event "Donner Memorial op"]
[Site "Amsterdam"]
[Date "1995.??.??"]
[Round "1"]
[White "Van der Wiel, John"]
[Black "Ragaa, Hassan"]
[Result "1-0"]
[WhiteElo "2545"]
[BlackElo "2245"]
[PlyCount "49"]
[EventDate "1995.08.??"]
[EventType "swiss"]
[EventRounds "11"]
[EventCountry "NED"]
[SourceTitle "EXT 1997"]
[Source "ChessBase"]
[SourceDate "1996.11.15"]
[SourceVersion "1"]
[SourceVersionDate "1996.11.15"]
[SourceQuality "1"]

1. e4 c5 2. Nf3 Nc6 3. d4 cxd4 4. Nxd4 Nf6 5. Nc3 d6 6. Bg5 e6 7. Qd2 a6 8. Be2 h6 9. Bh4 Be7 10. 0-0-0 Bd7 11. Nb3 g5 12. Bg3 e5 13. f3 b5 14. Nd5 Nxd5 15. exd5 Na7 16. Bf2 Qc7 17. Nc5 dxc5 18. d6 Bxd6 19. Qxd6 Qxd6 20. Rxd6 Nc8 21. Rd5 f6 22. Rhd1 Ra7 23. Rxc5 Rb7 24. f4 0-0 25. Bf3 1-0